00300nam a2200121Ia 450000500170000000800410001704000080005808200160006610000180008224500250010026000410012530000120016620190131092912.0190125s9999 xx 000 0 und d cDLC a355.02bCAN aQaisar Chohan a100 Azeem Mohammat / bElmo Irfan PublicationaLahorec2012 a448p. :